<?xml version="1.0" encoding="UTF-8"?><?xml-stylesheet type="text/xsl" href="static/style.xsl"?><OAI-PMH xmlns="http://www.openarchives.org/OAI/2.0/" xmlns:xsi="http://www.w3.org/2001/XMLSchema-instance" xsi:schemaLocation="http://www.openarchives.org/OAI/2.0/ http://www.openarchives.org/OAI/2.0/OAI-PMH.xsd"><responseDate>2026-06-01T19:23:24Z</responseDate><request verb="GetRecord" identifier="oai:riuma.uma.es:10630/45327" metadataPrefix="marc">https://riuma.uma.es/rest/oai/request</request><GetRecord><record><header><identifier>oai:riuma.uma.es:10630/45327</identifier><datestamp>2026-02-11T00:47:51Z</datestamp><setSpec>com_10630_2254</setSpec><setSpec>col_10630_37953</setSpec></header><metadata><record xmlns="http://www.loc.gov/MARC21/slim" xmlns:dcterms="http://purl.org/dc/terms/" xmlns:doc="http://www.lyncode.com/xoai" xmlns:xsi="http://www.w3.org/2001/XMLSchema-instance" xsi:schemaLocation="http://www.loc.gov/MARC21/slim http://www.loc.gov/standards/marcxml/schema/MARC21slim.xsd">
   <leader>00925njm 22002777a 4500</leader>
   <datafield ind2=" " ind1=" " tag="042">
      <subfield code="a">dc</subfield>
   </datafield>
   <datafield ind2=" " ind1=" " tag="720">
      <subfield code="a">Márquez-Casero, María Victoria</subfield>
      <subfield code="e">author</subfield>
   </datafield>
   <datafield ind2=" " ind1=" " tag="260">
      <subfield code="c">2024</subfield>
   </datafield>
   <datafield ind2=" " ind1=" " tag="520">
      <subfield code="a">La versatilidad y el emprendimiento se pueden identificar como
dos competencias transversales esenciales. Cada día se demandan
más las características interpersonales que se activan cuando
trabajamos en las empresas y las organizaciones. En el contexto
de la enseñanza universitaria se promueven multitud de competencias
que posteriormente serán acreditadas por la institución
de Educación Superior, y en este capítulo se muestra una estrategia
formativa para lograrlo. A través una metodología de educación
basada en el diseño (EDR, Educational Design Research) se ha
promovido el proyecto formativo Hillary con el fin de potenciar
el emprendimiento en la Educación Superior con estudiantes (féminas)
de los grados de ciencias sociales artes y humanidades. Se
trata de un planteamiento cíclico que se desenvuelve en varias iteraciones a partir de un prototipo consistente en un curso de
emprendimiento social. La mejora continua se consigue a través
del diseño de acciones que son revisadas en una segunda iteración.
En la experiencia participaron 148 estudiantes de siete
países europeos a través de una plataforma donde pudieron desarrollar
sus competencias con primer diseño de emprendimiento
social. La primera experiencia nos aporta las ideas para incorporar
las lecciones aprendidas en una segunda iteración, como
resultante del modelo de investigación basada en el diseño (DBR,
Design Based Research).</subfield>
   </datafield>
   <datafield ind1="8" ind2=" " tag="024">
      <subfield code="a">Las metodologías participativas como base de expresión y gestión de emociones en Educación en Artes Plásticas y Visuales M. Victoria Márquez Casero Metodologías emergentes en Educación Superior / coord. por María Teresa Castilla Mesa, 2024, ISBN 978-84-18083-52-5, págs. 201-213</subfield>
   </datafield>
   <datafield ind1="8" ind2=" " tag="024">
      <subfield code="a">978-84-18083-52-5</subfield>
   </datafield>
   <datafield ind1="8" ind2=" " tag="024">
      <subfield code="a">https://hdl.handle.net/10630/45327</subfield>
   </datafield>
   <datafield tag="653" ind2=" " ind1=" ">
      <subfield code="a">Arte - Estudio y enseñanza</subfield>
   </datafield>
   <datafield tag="653" ind2=" " ind1=" ">
      <subfield code="a">Investigación activa en educación</subfield>
   </datafield>
   <datafield tag="653" ind2=" " ind1=" ">
      <subfield code="a">Madurez afectiva</subfield>
   </datafield>
   <datafield ind2="0" ind1="0" tag="245">
      <subfield code="a">Las metodologías participativas como base de expresión y gestión de emociones en Educación en Artes Plásticas y Visuales</subfield>
   </datafield>
</record>
</metadata></record></GetRecord></OAI-PMH>